Pays avec le plus d'espèces d'oiseaux menacées - Statistiques

Statistiques générales
  • Ce quiz a été pris 27 fois
  • Le résultat moyen est 17 sur 21
Statistiques - réponses
Nombre
d'espèces
Pays % Correct
175 Brésil
100%
96 Chine
100%
93 Inde
100%
52 Argentine
92%
91 États-Unis
92%
119 Pérou
92%
57 Russie
92%
52 Australie
88%
126 Colombie
88%
71 Mexique
83%
160 Indonésie
75%
62 Thaïlande
75%
63 Malaisie
71%
69 Nouvelle-Zélande
71%
52 Venezuela
71%
52 Viêt Nam
71%
55 Bolivie
67%
106 Équateur
67%
93 Philippines
67%
54 Afrique du sud
54%
56 Birmanie
38%
Aucun quiz correspondant
Distribution des résultats
% des personnes avec chaque résultat
Percentile par nombre de réponses
Votre historique - résultats
Vous n’avez pas pris ce quiz